| 000 | 01731cam a22004334a 4500 | ||
|---|---|---|---|
| 001 | 13504392 | ||
| 003 | OSt | ||
| 005 | 20251014083318.0 | ||
| 008 | 040227s2004 mdu b 001 0 eng | ||
| 010 | _a 2004004796 | ||
| 020 |
_a0739105507 _qcloth : alk. paper |
||
| 020 |
_a0739107399 _qpbk : alk. paper |
||
| 020 |
_a9780739105504 _q(cloth : alk. paper) |
||
| 020 |
_a9780739107393 _q(pbk : alk. paper) |
||
| 035 | _a13504392 | ||
| 040 |
_aDLC _cDLC _dDLC |
||
| 042 | _apcc | ||
| 050 | 0 | 0 |
_aHM1126 _b.C64 2004b |
| 082 | 0 | 0 |
_a303.6/9 _222 |
| 245 | 0 | 0 |
_aConflict prevention from rhetoric to reality. _nVolume 2, _pOpportunities and innovations / _cedited by David Carment and Albrecht Schnabel. |
| 246 | 3 | 0 | _aOpportunities and innovations |
| 260 |
_aLanham, Md. : _bLexington Books, _cc2004. |
||
| 300 |
_axiv, 444 p. ; _c24 cm. |
||
| 336 |
_atext _btxt _2rdacontent |
||
| 337 |
_aunmediated _bn _2rdamedia |
||
| 338 |
_avolume _bnc _2rdacarrier |
||
| 504 | _aIncludes bibliographical references (p. 415-421) and index. | ||
| 505 | 0 | _aIntroduction -- Analytical requirements -- Response strategies and capacity building -- The frontiers of applied conflict prevention. | |
| 650 | 0 | _aConflict management. | |
| 650 | 0 |
_aConflict management _xMethodology. |
|
| 650 | 0 | _aPacific settlement of international disputes. | |
| 700 | 1 |
_aCarment, David, _d1959- |
|
| 700 | 1 | _aSchnabel, Albrecht. | |
| 830 | 0 |
_aConflict prevention from rhetoric to reality ; _vv. 2. |
|
| 906 |
_a7 _bcbc _corignew _d1 _eecip _f20 _gy-gencatlg |
||
| 942 |
_2lcc _cBK |
||
| 999 |
_c17224 _d17224 |
||